Women and health in Africa / (Record no. 61831)

MARC details
000 -LEADER
fixed length control field 00687nam a2200181 a 4500
008 - FIXED-LENGTH DATA ELEMENTS--GENERAL INFORMATION
fixed length control field 060424s1991 ||||||||||||||||| || u
020 ## - INTERNATIONAL STANDARD BOOK NUMBER
International Standard Book Number 0865431809
020 ## - INTERNATIONAL STANDARD BOOK NUMBER
International Standard Book Number 0865431817
050 ## - LIBRARY OF CONGRESS CALL NUMBER
Classification number RA 778 Wom
100 ## - MAIN ENTRY--PERSONAL NAME
Personal name Turshen, Meredeth, 1938-
245 10 - TITLE STATEMENT
Title Women and health in Africa /
Statement of responsibility, etc. edited by Meredeth Turshen
260 ## - PUBLICATION, DISTRIBUTION, ETC.
Place of publication, distribution, etc. Trenton, N.J. :
Name of publisher, distributor, etc. Africa World Press
Date of publication, distribution, etc. 1991
300 ## - PHYSICAL DESCRIPTION
Extent vi, 250 p.
350 ## - PRICE (NR) (BK AM CF MU VM SE) [OBSOLETE]
Price 0.00
500 ## - GENERAL NOTE
General note Includes bibliographical references (p. [225]-241) 
650 ## - SUBJECT ADDED ENTRY--TOPICAL TERM
Topical term or geographic name entry element WOMEN--HEALTH AND HYGIENE--AFRICA
995 ## - RECOMMENDATION 995 [LOCAL, UNIMARC FRANCE]
-- 0.00
-- CBU-MAIN LIBRARY (Kitwe)
-- 1
-- 49.95
-- AVAILABLE
-- Annex Low-Usage Collection
Holdings
Withdrawn status Lost status Source of classification or shelving scheme Damaged status Not for loan Home library Current library Shelving location Date acquired Total Checkouts Full call number Barcode Date last seen Price effective from Koha item type
          CBU-MAIN LIBRARY, KITWE. CBU-MAIN LIBRARY, KITWE.   11/30/2022   RA 778 Wom 025651 11/30/2022 11/30/2022 MONOGRAPH